| 000 | 00673pam a2200205 a 4500 | ||
|---|---|---|---|
| 020 | _a0471543764 (pbk. : alk. paper) | ||
| 040 | _cDLC | ||
| 082 | 0 | 0 | _a551 JOH 1996 A080 Or. |
| 100 | 1 | _aStowe, Keith S., | |
| 245 | 1 | 0 | _aExploring ocean science / |
| 250 | _a2nd ed. | ||
| 260 |
_aNew York : _bJohn Wiley, _cc1996. |
||
| 300 |
_axv, 426 p. : _bill. (some col.), maps (some col.) ; _c28 cm. |
||
| 500 | _aRev. ed. of: Essentials of ocean science. c1987. | ||
| 650 | 0 | _aOceanography. | |
| 700 | 1 | _aStowe, Keith S., | |
| 856 | 4 | 2 | _uhttp://www.loc.gov/catdir/description/wiley033/95032932.html |
| 856 | 4 | _uhttp://www.loc.gov/catdir/toc/onix04/95032932.html | |
| 942 | _cEK | ||
| 999 |
_c15548 _d15548 |
||